| 000 | 00782nam a22002057a 4500 | ||
|---|---|---|---|
| 003 | 0 | ||
| 005 | 20250129101122.0 | ||
| 008 | 150827b xxu||||| |||| 00| 0 eng d | ||
| 050 |
_aPGS SF 422.86 _b.B467 2015 |
||
| 100 | _aBenito, Omar Paolo L. | ||
| 245 |
_aDog ownership and social skills / _cOmar Paolo L. Benito. |
||
| 260 |
_aLas PiƱas City, Philippines : _bSouthville International School and Colleges, _c2015. |
||
| 300 |
_a27 p. : _bill. ; _c28 cm. _fPASS |
||
| 504 | _aIncludes bibliographical references. | ||
| 650 |
_2Library of Congress Subject Headings _aPet ownership _vPsychological aspects. |
||
| 650 |
_2Library of Congress Subject Headings _aDogs _vSocial aspects. |
||
| 650 | _aSocial skills in children. | ||
| 650 | _aGrade 6 (Education). | ||
| 942 |
_2lcc _cPASS |
||
| 999 |
_c288530 _d288530 |
||